salon alueet ja kaupunginosat - Statistics

Yleistilastot
  • Tätä visaa on pelattu 23 kertaa
    18 viimeisimmän päivityksen jälkeen
  • Keskiarvotulos 25 / 64
Vastaustilastot
% Oikein
90%
90%
90%
80%
80%
80%
80%
80%
70%
70%
70%
70%
70%
70%
70%
60%
60%
60%
60%
50%
50%
50%
50%
50%
50%
50%
50%
50%
40%
40%
40%
40%
40%
30%
30%
30%
30%
30%
30%
20%
20%
20%
20%
20%
20%
20%
20%
20%
10%
10%
10%
10%
10%
10%
10%
10%
10%
10%
10%
0%
0%
0%
0%
0%
Ehtoja vastaavia visoja ei löytynyt
Tulosjakauma
Jokaisen tuloksen saaneiden osuus
Persentiili vastausten määrän mukaan
Tuloshistoriasi
Et ole pelannut tätä visaa sen viimeisimmän päivityksen jälkeen